书目信息 |
| 题名: |
上海私营金融业研究
|
|
| 作者: | 张徐乐, 著 | |
| 分册: | ||
| 出版信息: | 上海 复旦大学出版社 2006.01 |
|
| 页数: | 492页 | |
| 开本: | 21cm | |
| 丛书名: | 中国金融史专刊 | |
| 单 册: | ||
| 中图分类: | F832.751 | |
| 科图分类: | ||
| 主题词: | 私营企业--si ying qi ye--金融机构--研究--上海市--1949-1952 | |
| 电子资源: | ||
| ISBN: | 7-309-04898-9 | |
| 000 | 01008nam 2200253 450 | |
| 001 | 012007632303 | |
| 005 | 20071010111352.57 | |
| 010 | @a7-309-04898-9@dCNY28.00 | |
| 100 | @a20070815d2006 km y0chiy0120 ea | |
| 101 | 0 | @achi |
| 102 | @aCN@b310000 | |
| 105 | @ay a 001yy | |
| 200 | 1 | @a上海私营金融业研究@Ashang hai si ying jin rong ye yan jiu@e1949-1952@f张徐乐著@Fzhang xu yue zhu |
| 210 | @a上海@c复旦大学出版社@d2006.01 | |
| 215 | @a492页@d21cm | |
| 225 | 2 | @a中国金融史专刊@Azhong guo jin rong shi zhuan kan@h第2辑 |
| 320 | @a有书目 (第477-486页) 和索引。 | |
| 330 | @a本书以解放后的上海私营金融业作为研究对象,通过对联合放款、联合经营、联合管理、公私合营、业务经营、同业组织等专题的研究,对这一时段上海私营金融业的经历、经营管理及其演变进行了深入的探讨。 | |
| 410 | 0 | @12001 @a中国金融史专刊 |
| 606 | 0 | @a私营企业@Asi ying qi ye@x金融机构@x研究@y上海市@z1949-1952 |
| 690 | @aF832.751@v4 | |
| 701 | 0 | @a张徐乐,@Azhang xu yue@f1968- @4著 |
| 801 | 0 | @aCN@c20071010 |
| 905 | @dF832.751@eZ213 | |
| 上海私营金融业研究:1949-1952/张徐乐著.-上海:复旦大学出版社,2006.01 |
| 492页;21cm.-(中国金融史专刊.第2辑) |
| ISBN 7-309-04898-9:CNY28.00 |
| 本书以解放后的上海私营金融业作为研究对象,通过对联合放款、联合经营、联合管理、公私合营、业务经营、同业组织等专题的研究,对这一时段上海私营金融业的经历、经营管理及其演变进行了深入的探讨。 |
| ● |
| 相关链接 |
|
|
|
正题名:上海私营金融业研究
索取号:F832.751/Z213
 
预约/预借
| 序号 | 登录号 | 条形码 | 馆藏地/架位号 | 状态 | 备注 |
| 1 | 245746 | 202457466 | 社科库409/422社科库 33排4列2层/ [索取号:F832.751/Z213] | 在馆 | |
| 2 | 245747 | 202457475 | 社科库409/409社科库 54排6列2层/ [索取号:F832.751/Z213] | 在馆 | |
| 3 | 245748 | 202457484 | 社科库409/409社科库 54排6列4层/ [索取号:F832.751/Z213] | 在馆 |